000 00707nam a2200241Ia 4500
003 OSt
005 20220924130156.0
006 a|||||r|||| 00| 0
007 ta
008 220923b |||||||| |||| 00| 0 per d
020 _c200
024 _a328067
037 _b9, 16/06/2010, S.H.Qasemi
_cTextual
040 _aARTS
_cARTS
_bper
041 _2per
_aper
082 _aO164,1NSDx, N5
100 _aWasamqi Siddeeq Au.
_9199639
245 0 _aNamaz-e-baran
260 _aTehran
_bMaususa intasharat-e-ameer kabeer Iran
_c1995
650 _aPERSIAN POETRY
942 _hO164,1NSDx, N5
_cTEXL
_2CC
999 _c424216
_d424216